O mistério da ópera (Record no. 45831)
[ view plain ]
| 000 -Etiqueta do registo | |
|---|---|
| Valores | 00515cam a22001811 4500 |
| 100 ## - Dados gerais de processamento | |
| Dados gerais | 19940105d1945 m y0pory5003 ba |
| 101 0# - Língua de publicação | |
| Língua | por |
| 102 ## - País de publicação | |
| País | PT |
| 200 1# - Titulo e menção de responsabilidade | |
| Título próprio | O mistério da ópera |
| Informação de outro título | romance policial |
| Primeira menção de responsabilidade | José da Natividade Gaspar |
| 210 #9 - Publicação | |
| Local de publicação | Lisboa |
| Nome do editor | Livraria Clássica, |
| Data de publicação | 1945 |
| 215 ## - Descrição física | |
| Paginação / Volumes | 246, [2] p. |
| Dimensões | 18 cm |
| 225 2# - Colecção | |
| Título próprio da colecção | Os melhores romances policiais |
| Indicação de volume | 58 |
| 675 ## - CDU | |
| Notação | 821.134.3-312.4 |
| 700 #1 - Autor principal | |
| Apelido | Gaspar, |
| Nome | José da Natividade, |
| Datas | 1904-? |
| 801 #0 - Fonte de origem | |
| País | PT |
| Agência | BN |
| Regras de catalogação | RPC |
| 990 ## - Elementos KOHA | |
| Tipo de documento | Livro |
| Aquisição | Empréstimo | Código de barras | Cota | Permissão de empréstimo | Tipo de documento |
|---|---|---|---|---|---|
| Biblioteca Municipal de Redondo | Biblioteca Municipal de Redondo | 057062 | 821.134.3-3 GAS | Livro |